[Event "Tasmania-ch"]
[Site "Havenview"]
[Date "2016.06.11"]
[Round "3"]
[White "McMahon, Denis"]
[Black "Kuzmic, Carey"]
[Result "1-0"]
[WhiteElo "1723"]
[BlackElo "1505"]
[PlyCount "87"]
[EventDate "2016.06.11"]
[EventType "swiss"]
[EventRounds "7"]
[EventCountry "AUS"]
[SourceTitle "EXT 2018"]
[Source "ChessBase"]
[SourceDate "2017.10.13"]
[SourceVersion "1"]
[SourceVersionDate "2017.10.13"]
[SourceQuality "1"]

1. e4 c5 2. b3 Nc6 3. Bb2 d6 4. f4 Nf6 5. Nc3 a6 6. a4 Bd7 7. Nf3 Nh5 8. Bc4 e6 9. Ne2 Nf6 10. Nc3 g6 11. 0-0 Bg7 12. Qe2 0-0 13. e5 dxe5 14. fxe5 Ng4 15. Nd1 Qc7 16. Re1 Nb4 17. Rc1 b5 18. axb5 axb5 19. Bxb5 Bxb5 20. Qxb5 Ra2 21. c3 Ra5 22. Qe2 Nc6 23. d4 Ne7 24. b4 Raa8 25. bxc5 Nd5 26. h3 Nh6 27. g4 Nf4 28. Qf1 f6 29. exf6 Rxf6 30. g5 Rff8 31. gxh6 Bxh6 32. Ne5 Qe7 33. Nf2 Qh4 34. Neg4 Qg3+ 35. Kh1 Qf3+ 36. Kh2 Ne2 37. Nxh6+ Kg7 38. Rxe2 Qf4+ 39. Kg1 Qxh6 40. Rce1 Qh4 41. Rxe6 Rf3 42. R6e4 Rg3+ 43. Kh2 Rxh3+ 44. Nxh3 1-0